000 01270nam0a22003131 4500
001 v19\rc\1339126
005 20250618072026.0
035 _a(NLR Aleph) 004487857
090 _a4635761
_c4635761
100 _a20060512e18571857|||y0rusy50 ca
101 0 _arus
102 _aRU
105 _ay z |||||
200 1 _aВзгляд на первые сношения Англии с Россиею
_eПервая царская привилегия в пользу Англии
_f[И. Гамель]
210 _a[Санкт-Петербург]
_cтип. Имп. Акад. наук
_d[1857]
215 _a21 с.
_d18
300 _aАвт. указан в конце текста
309 _aБез тит. л. и обл.
311 _aИз "Санктпетерб. вед." № 46, 1857 г.
488 0 _12001#$aСанктпетербургские ведомости$v1857, № 46
_tСанктпетербургские ведомости
700 1 _7ca
_8rus
_aГамель
_bИ. Х.
_f1788-1861
_gИосиф Христианович
_9197644
_3RU\NLR\AUTH\770197695
801 0 _aRU
_bNLR
_gpsbo
801 0 _aRU
_bRuMoRGB
_2psbo
801 1 _aRU
_bProSoft-M
_2rusmarc
852 _aNLR
_j18.11.3.16
899 _aБАН
942 _cBOOK
980 _aNB